000 00664nam a2200265Ia 4500
005 20260121170308.0
008 008 260114s9999 xx 000 0 eng d
020 _a9783319626956
037 _aEBOOK
040 _aCRL
040 _beng
040 _cCRL
041 _2eng
041 _aeng
084 _qCRL
100 _aMarie von Engelhardt
_91062161
245 0 _aInternational Development Organizations and Fragile States
260 _bSpringer
260 _bSpringer
260 _c2018
856 _uhttps://link.springer.com/openurl?genre=book&isbn=978-3-319-62695-6
942 _cEBOOK
999 _c1627890
_d1627890